Mime and masks /

Bibliographic Details
Main Author: Nobleman, Roberta
Other Authors: McCabe, Katherine
Format: Book
Language:English
Published: Rowayton, Conn. : New Plays Books, [1979]
Subjects:

MARC

Tag First Indicator Second Indicator Subfields
LEADER 00000cam a2200000 a 4500
001 in00000074649
005 20151008053617.0
008 791101s1979 ctua 00010 eng d
020 |a 0932720153 
035 |a (OCoLC)05634543 
035 |9 AAH8012AM 
040 |a ISE  |c ISE  |d TXA  |d UtOrBLW 
049 |a TXAM  |c [1803463] 
090 |a PN2071.G4  |b N6 
100 1 |a Nobleman, Roberta. 
245 1 0 |a Mime and masks /  |c by Roberta Nobleman ; illustrated by Katherine McCabe. 
264 1 |a Rowayton, Conn. :  |b New Plays Books,  |c [1979] 
264 4 |c ©1979 
300 |a 151 pages :  |b illustrations ;  |c 28 cm. 
336 |a text  |b txt  |2 rdacontent 
337 |a unmediated  |b n  |2 rdamedia 
338 |a volume  |b nc  |2 rdacarrier 
650 0 |a Mime. 
650 0 |a Masks. 
700 1 |a McCabe, Katherine. 
999 |a MARS 
999 f f |s 4ddf0a9a-c4f9-3979-b328-238dbcc11a7a  |i 3b698b7e-eacc-3950-9f00-c9fccefd34c7  |t 0 
952 f f |p ric  |a Texas A&M University  |b Rellis Campus  |c Joint Library Facility  |d Remote Storage  |t 0  |e PN2071.G4 N6  |h Library of Congress classification  |i unmediated -- volume  |m A14806178353 
998 f f |a PN2071.G4 N6  |t 0  |l Remote Storage